000 00745nam a2200229 i 4500
001 106157
003 ES-MaACL
005 20251120063138.0
007 t|
008 061003s1966 sp ||||1| cat d
080 _a334.73
100 1 _aPérez Baró, Albert,
_d1902-1989
_990657
245 1 2 _aL'empresa cooperativa i economia cooperativa a Catalunya /
_cAlbert Pérez Baró.
260 _aBarcelona :
_bEdicions d'Aportació Catalana,
_c1966.
300 _a29 p. ;
_c22 cm.
490 1 _aEntre tots ho farem tot ;
_v29
500 _aBiblioteca Juan Andrade.
650 1 4 _aCooperativas.
_911353
830 0 _aEntre tots ho farem tot ;
_v29
_9187406
852 _aES-MaACL
_jAND-Fol-25
_bR.110410
999 _c106157
_d106157